| 000 | 00973cam a2200301 4500 | ||
|---|---|---|---|
| 008 | 031028n2004 000 0 eng u | ||
| 020 | _a0421783400 | ||
| 035 | _a(Sirsi) u124078 | ||
| 041 | _aeng | ||
| 050 |
_a692.8 _c18 |
||
| 100 | _aKeating, Donald. | ||
| 245 | _aFirst supplement to the seventh edition of Keating on building contracts | ||
| 260 |
_aLondon _bSweet and Maxwell _c2004 |
||
| 300 |
_axli, 130p. _c24cm. |
||
| 350 | _a69.00 | ||
| 520 | _aFirst supplement to "Keating on building contracts" (ISBN 0421565306). | ||
| 520 | _aSuperseded by "Keating on construction contracts" (ISBN 0421899905). | ||
| 650 | _aBUILT ENVIRONMENT-BUILDING CONTRACT FORMS | ||
| 650 | _aICE CONDITIONS OF CONTRACT | ||
| 650 | _aJOINT CONTRACTS TRIBUNAL | ||
| 650 | _aLAW | ||
| 650 | _aUFF JOHN | ||
| 650 | _aWILLIAMSON ADRIAN | ||
| 690 | _aBUILT ENVIRONMENT-BUILDING CONTRACT FORMS | ||
| 700 | _aFurst, Stephen | ||
| 700 | _aRamsey, Vivian | ||
| 942 | _n0 | ||
| 999 |
_c103132 _d103132 |
||